00614nam a2200193Ii 450000100060000000300090000600800410001502000150005604000330007104100080010408200170011210000270012924501040015626400670026030000120032733600260033933700280036533800270039317000CO-ViMGA241108s9999||||xx |||||||||||||| ||und|| a9588325699 aCO-ViMGAbspaerdacCO-ViMGA0 aspa04a378.861 S27u1 aRymel Eduardo. Serrano10aUna universidad, todo un país :bcincuenta años de historia y servicio a la comunidad 1958-2008 1aBogotá, Colombia : Universidad Cooperativa de Colombia, 2010 avolumen atextbtxt2rdacontent aunmediatedbn2rdamedia avolumebnc2rdacarrier